|
|
|
|
| LEADER |
00000nam0a2200000 4500 |
| 001 |
278807 |
| 005 |
20231101235141.0 |
| 020 |
|
|
|a RU
|b 86-13486
|
| 035 |
|
|
|a (RuTPU)RU\TPU\book\302085
|
| 090 |
|
|
|a 278807
|
| 100 |
|
|
|a 20141215d1986 km y0rusy5003 ca
|
| 101 |
0 |
|
|a rus
|
| 102 |
|
|
|a KZ
|
| 105 |
|
|
|a y z 001zy
|
| 200 |
1 |
|
|a Добыча и рекультивация на карьерах строительных горных пород
|f В. И. Горкунов, В. С. Завалишин, К. З. Валиев
|g Академия наук Казахской ССР (АН КазССР), Институт горного дела (ИГД)
|
| 210 |
|
|
|a Алма-Ата
|c Наука
|d 1986
|
| 215 |
|
|
|a 203 с.
|d 21 см
|
| 320 |
|
|
|a Библиогр.: с. 196-200 (46 назв.)
|
| 606 |
1 |
|
|a Строительные материалы минеральные нерудные
|x Добыча
|x Производительность труда
|2 stltpush
|3 (RuTPU)RU\TPU\subj\57556
|9 75415
|
| 606 |
1 |
|
|a Карьеры
|x Разработка
|x Рекультивация земель
|2 stltpush
|3 (RuTPU)RU\TPU\subj\39389
|9 59502
|
| 610 |
1 |
|
|a строительные горные породы
|
| 610 |
1 |
|
|a Казахстан
|
| 610 |
1 |
|
|a открытая разработка
|
| 610 |
1 |
|
|a сырьевая база
|
| 610 |
1 |
|
|a горные работы
|
| 610 |
1 |
|
|a технологическое оборудование
|
| 610 |
1 |
|
|a песчано-гравийные породы
|
| 610 |
1 |
|
|a известняк
|
| 675 |
|
|
|a 622.35/.36
|z rus
|v 4
|
| 675 |
|
|
|a 622.88
|z rus
|v 4
|
| 700 |
|
1 |
|a Горкунов
|b В. И.
|g Владимир Иннокентьевич
|4 070
|
| 701 |
|
1 |
|a Завалишин
|b В. С.
|g Василий Сергеевич
|
| 701 |
|
1 |
|a Валиев
|b К. З.
|g Камиль Закирович
|
| 712 |
0 |
2 |
|a Академия наук Казахской ССР (АН КазССР)
|b Институт горного дела (ИГД)
|c (Алма-Ата)
|2 stltpush
|3 (RuTPU)RU\TPU\col\19178
|
| 801 |
|
0 |
|a RU
|b RuMRKP
|c 19950704
|g psbo
|
| 801 |
|
1 |
|a RU
|b 63413507
|c 20141215
|
| 801 |
|
2 |
|a RU
|b 63413507
|c 20180125
|g RCR
|
| 942 |
|
|
|c BK
|